Characters from the Trojan War and from the Events that Happened a Little Before and After It - Statistics

General Stats
  • This quiz has been taken 158 times
  • The average score is 17 of 41
Answer Stats
Hint Answer % Correct
Kidnapper of the above Paris
99%
The gorgeous daughter of Zeus and Leda, whose capture started the war Helen
98%
Best Trojan warrior Hector
97%
King of Troy Priam
95%
King of Mycenae, leader of the Acheans, and twin brother of the above Agamemnon
94%
Best Greek warrior, known for having a vulnerable heel Achilles
92%
Intelligent warrior who wandered for ten years after the war before coming home Odysseus
88%
King of Sparta and husband of Helen Menelaus
82%
Closest companion/lover of the above Patroclus
78%
Second best warrior of the Greeks Ajax
77%
Queen of Troy Hecuba
63%
Wife of above Andromache
57%
Wife of above, cousin of the daughter of Zeus and Leda Penelope
57%
Mother of the best Greek warrior Thetis
56%
Slave of the best warrior of the Greeks, but taken by the king of Mycenae Briseis
52%
Intelligent warrior who wounded Aphrodite Diomedes
47%
King of Pylos Nestor
46%
Daughter of the king of Mycenae, sacrificed to make the wind blow Iphigenia
44%
Father of the best Greek warrior Peleus
44%
Wife of the king of Mycenae, half-sister of the daughter of Zeus and Leda Clytemnestra
42%
Son of the intelligent warrior who wandered for ten years after the war before coming home Telemachus
40%
Son of the best Trojan warrior Astyanax
34%
Son of the best Greek warrior Neoptolemus
32%
Priest's daughter whom the king of Mycenae refused to return to her father, even for a high ransom Chryseis
31%
Priest of Apollo and father of the above Chryses
20%
Priest who determined that the daughter of the king of Mycenae needed to be sacrificed Calchas
18%
Trojan princess later sacrificed to the best warrior of the Greeks (according to Euripides) Polyxena
18%
Husband of Leda and biological father of the wife of the king of Mycenae Tyndareus
18%
Queen of the Amazons, killed by the best Greek warrior Penthesilea
16%
Half-brother of above Teucer
16%
Mother of the above Deidamia
12%
King of Crete Idomeneus
11%
King of Aethiopia, killed by the best Greek warrior Memnon
11%
Greek healer killed by Eurypylus Machaon
10%
First Greek killed in the Trojan War Protesilaus
9%
Greek soldier who insulted the king of Mycenae and was beaten around the shoulders for it Thersites
7%
Father of the wife of the best Trojan warrior Eetion
5%
Greek healer who survived the war, brother of the above Podalirius
5%
Brother of the above Podarces
5%
Charioteer of the above Sthenelus
5%
Son of the king of Pylos, who became the closest companion of the best Greek warrior after the best Greek warrior's first closest companion was killed. Antilochus
4%
No matching quizzes found
Score Distribution
Percent of People with Each Score
Percentile by Number Answered
Your Score History
You have not taken this quiz